[Event "DSM WK M 2009"]
[Site "Karlsruhe GER"]
[Date "2009.05.18"]
[Round "7"]
[White "Zimmermann, Lara"]
[Black "Woider, Stella"]
[Result "1-0"]
[Termination "normal"]
[Board "3.4"]
[WhiteElo "1006"]
[BlackElo "762"]
[WhiteTeam "Gymnasium Kenzingen"]
[BlackTeam "Otto-Schott-Gymnasium Mainz-Gonsenheim"]
[PlyCount "73"]
[EventCountry "GER"]
[EventRounds "7"]
[EventType "team-swiss"]
[EventDate "2009.05.15"]

1. e4 e5 2. Nf3 Nc6 3. Bc4 Bc5 4. c3 Nf6 5. d4 exd4 6. cxd4 Bb4+ 7. Nc3 O-O 8.
O-O d6 9. d5 Na5 10. Bd3 Bg4 11. Bg5 h6 12. Bf4 c6 13. dxc6 Nxc6 14. a3 Bc5 15.
h3 Bh5 16. Re1 d5 17. e5 Nd7 18. Nxd5 Nb6 19. Be4 Nc4 20. Qc2 b5 21. a4 a6 22.
b3 f5 23. Bxf5 Bb6 24. bxc4 bxc4 25. Qxc4 Bf7 26. e6 Bxe6 27. Bxe6+ Kh8 28.
Qxc6 Ba5 29. Red1 Kh7 30. Rab1 Re8 31. Rb7 Rg8 32. Bxg8+ Qxg8 33. Qc2+ Kh8 34.
Be5 Rd8 35. Qg6 Qf8 36. Bxg7+ Qxg7 37. Qxg7# 1-0

[Event "DSM WK M 2009"]
[Site "Karlsruhe GER"]
[Date "2009.05.18"]
[Round "7"]
[White "Kickert, Germaine Helene"]
[Black "Steffens, Skrolan"]
[Result "1-0"]
[Termination "normal"]
[Board "4.1"]
[WhiteElo "1926"]
[BlackElo "1195"]
[WhiteTeam "Mariengymnasium Jever"]
[BlackTeam "Athenaeum Stade"]
[PlyCount "73"]
[WhiteFideId "24614890"]
[EventCountry "GER"]
[EventRounds "7"]
[EventType "team-swiss"]
[EventDate "2009.05.15"]

1. e4 g6 2. d4 Bg7 3. Nc3 d6 4. Be3 a6 5. Qd2 b5 6. a4 b4 7. Nd5 a5 8. Bd3 Bb7
9. Nf4 Nf6 10. f3 Nbd7 11. Nge2 c5 12. dxc5 dxc5 13. Bb5 Rc8 14. Rd1 Rc7 15. e5
e6 16. exf6 Bxf6 17. c3 Bc6 18. Bxc6 Rxc6 19. O-O Ne5 20. Qxd8+ Bxd8 21. Nd3
Nd7 22. Rc1 c4 23. Nd4 Rd6 24. Nf2 b3 25. Ne4 Ra6 26. Nb5 O-O 27. Bh6 Re8 28.
Ned6 Re7 29. Nxc4 Nc5 30. Rcd1 Nb7 31. Rd2 f6 32. Rfd1 Ra8 33. Rd7 Rxd7 34.
Rxd7 Nc5 35. Rg7+ Kh8 36. Rf7 f5 37. Rf8# 1-0

[Event "DSM WK M 2009"]
[Site "Karlsruhe GER"]
[Date "2009.05.18"]
[Round "7"]
[White "Lange, Anika"]
[Black "Siewert, Jessica"]
[Result "0-1"]
[Termination "normal"]
[Board "4.2"]
[WhiteElo "1221"]
[BlackElo "905"]
[WhiteTeam "Athenaeum Stade"]
[BlackTeam "Mariengymnasium Jever"]
[PlyCount "66"]
[WhiteFideId "24693405"]
[EventCountry "GER"]
[EventRounds "7"]
[EventType "team-swiss"]
[EventDate "2009.05.15"]

1. e4 e5 2. f4 f5 3. exf5 Qf6 4. Bc4 Qxf5 5. d3 exf4 6. Nf3 d5 7. Bb3 Nc6 8.
O-O Be6 9. Ba4 Nge7 10. Nd4 Qg4 11. Nxe6 Qxe6 12. Bxf4 O-O-O 13. c4 dxc4 14.
Re1 Qd5 15. Nc3 Qxd3 16. Qg4+ Qf5 17. Qxf5+ Nxf5 18. Bg5 Bc5+ 19. Kh1 Rde8 20.
Bc2 Ne3 21. Bxe3 Rxe3 22. Bf5+ Kb8 23. Rxe3 Bxe3 24. Nd5 Bd4 25. Rb1 Rd8 26.
Nf4 g6 27. Bh3 Rd6 28. Ne6 Bf6 29. Nf8 c3 30. Nxh7 Bg7 31. b3 c2 32. Rc1 Rd1+
33. Rxd1 cxd1=Q# 0-1

[Event "DSM WK M 2009"]
[Site "Karlsruhe GER"]
[Date "2009.05.18"]
[Round "7"]
[White "Scherf, Anna-Maria"]
[Black "Wilkens, Samantha"]
[Result "0-1"]
[Termination "normal"]
[Board "4.3"]
[WhiteElo "800"]
[BlackElo "1006"]
[WhiteTeam "Mariengymnasium Jever"]
[BlackTeam "Athenaeum Stade"]
[PlyCount "110"]
[EventCountry "GER"]
[EventRounds "7"]
[EventType "team-swiss"]
[EventDate "2009.05.15"]

1. e4 d6 2. Nc3 g6 3. Nf3 Bg7 4. Bb5+ c6 5. Bc4 Nf6 6. O-O O-O 7. d3 h6 8. e5
dxe5 9. Nxe5 Nd5 10. Qe2 Nd7 11. Nxd7 Qxd7 12. Nxd5 cxd5 13. Bb3 e6 14. c3 b5
15. Bd2 Bb7 16. Rac1 Qd6 17. f3 Rac8 18. d4 Rfe8 19. Be3 h5 20. Qd2 e5 21. Bh6
Bh8 22. Rce1 exd4 23. Rxe8+ Rxe8 24. cxd4 a5 25. Rc1 Bxd4+ 26. Kf1 Qb6 27. Rd1
Bg1 28. Re1 Bc6 29. Rxe8+ Bxe8 30. Bxd5 b4 31. Bc4 Bxh2 32. Qf2 Qxf2+ 33. Kxf2
Kh7 34. Bf8 Be5 35. b3 f5 36. Be7 Kh6 37. Bd8 a4 38. Be7 Bc3 39. f4 h4 40. Kf3
Kh5 41. bxa4 Bxa4 42. Bd6 Bc6+ 43. Kf2 Bd4+ 44. Kf1 Kg4 45. Bxb4 Kg3 46. Be1+
Kxf4 47. Bxh4 g5 48. Be1 g4 49. Be2 Kg5 50. Bd1 f4 51. a4 g3 52. a5 Kf5 53.
Bc2+ Ke5 54. a6 Bb5+ 55. Bd3 Bxd3# 0-1

[Event "DSM WK M 2009"]
[Site "Karlsruhe GER"]
[Date "2009.05.18"]
[Round "7"]
[White "Lienau, Marei"]
[Black "Freesemann, Tanja"]
[Result "1-0"]
[Termination "normal"]
[Board "4.4"]
[WhiteElo "959"]
[BlackElo "800"]
[WhiteTeam "Athenaeum Stade"]
[BlackTeam "Mariengymnasium Jever"]
[PlyCount "115"]
[EventCountry "GER"]
[EventRounds "7"]
[EventType "team-swiss"]
[EventDate "2009.05.15"]

1. e4 e5 2. Nf3 Nc6 3. d4 Bd6 4. d5 Nce7 5. Nc3 Bb4 6. Nxe5 f6 7. Nd3 Ba5 8.
Bd2 d6 9. Be2 f5 10. f3 Nf6 11. O-O c6 12. dxc6 bxc6 13. Qe1 Ba6 14. Qg3 g6 15.
Rae1 h5 16. Nf4 h4 17. Qg5 Qb6+ 18. Kh1 Kf7 19. Bxa6 Qxa6 20. exf5 Rag8 21.
fxg6+ Nxg6 22. Qf5 Qc8 23. Qxa5 Nxf4 24. Bxf4 h3 25. Qxa7+ Kg6 26. g3 Qf5 27.
Rf2 Re8 28. Rfe2 Rxe2 29. Rxe2 Re8 30. Rxe8 Nxe8 31. Qf2 Nf6 32. Bxd6 Qe6 33.
Bc5 Nd7 34. Be3 Kf6 35. a4 Ke7 36. a5 Nb8 37. Bg5+ Kf7 38. g4 Qe5 39. Qh4 c5
40. Qxh3 Qg7 41. Qg3 Qxg5 42. Qxb8 Qc1+ 43. Kg2 Qd2+ 44. Kh3 Qh6+ 45. Kg3 Kg6
46. Qb6+ Kg5 47. Qxh6+ Kxh6 48. a6 c4 49. a7 Kg6 50. a8=Q Kf6 51. Qd5 Ke7 52.
Qc6 Kf7 53. Kh4 Ke7 54. Kg5 Kd8 55. Qb7 Ke8 56. Kf6 Kd8 57. Ke6 Ke8 58. Qe7#
1-0

[Event "DSM WK M 2009"]
[Site "Karlsruhe GER"]
[Date "2009.05.18"]
[Round "7"]
[White "Bajorski, Maria Sophie"]
[Black "Hoffmann, Hanna Dorina"]
[Result "1-0"]
[Termination "normal"]
[Board "5.1"]
[WhiteElo "1270"]
[BlackElo "1398"]
[WhiteTeam "Marienschule Limburg"]
[BlackTeam "Mallinckrodt-Gymnasium Dortmund"]
[PlyCount "65"]
[WhiteFideId "24654531"]
[BlackFideId "12909858"]
[EventCountry "GER"]
[EventRounds "7"]
[EventType "team-swiss"]
[EventDate "2009.05.15"]

1. e4 c5 2. Nf3 d6 3. d4 cxd4 4. Nxd4 Nf6 5. Nc3 g6 6. Bc4 Bg7 7. O-O O-O 8.
Be3 Bd7 9. h3 Nc6 10. Nf3 Rc8 11. a3 a6 12. b4 Nxb4 13. Nd2 Nc6 14. Rb1 Na5 15.
Bb6 Qe8 16. Bxa5 b5 17. Ba2 Bc6 18. Re1 Nd7 19. Nd5 Bxd5 20. exd5 Bc3 21. Bxc3
Rxc3 22. Rb3 Rc7 23. Nf3 Nf6 24. Rbe3 Qd7 25. Nd4 Re8 26. Nc6 Kf8 27. Qe2 Ng8
28. c4 bxc4 29. Bxc4 Qf5 30. Nd4 Qf6 31. Qd3 h6 32. Rf3 Qg7 33. Ne6# 1-0

[Event "DSM WK M 2009"]
[Site "Karlsruhe GER"]
[Date "2009.05.18"]
[Round "7"]
[White "Demetrescu, Alice"]
[Black "Liez, Franziska"]
[Result "0-1"]
[Termination "time forfeit"]
[Board "5.2"]
[WhiteElo "800"]
[BlackElo "1117"]
[WhiteTeam "Mallinckrodt-Gymnasium Dortmund"]
[BlackTeam "Marienschule Limburg"]
[PlyCount "102"]
[BlackFideId "1271766"]
[EventCountry "GER"]
[EventRounds "7"]
[EventType "team-swiss"]
[EventDate "2009.05.15"]

1. d4 d5 2. c4 e6 3. Nc3 Nf6 4. Bg5 Nbd7 5. e3 c6 6. cxd5 cxd5 7. Bb5 Be7 8.
Nf3 a6 9. Ba4 b5 10. Bb3 Qc7 11. Rc1 Bb4 12. O-O Qd6 13. a4 bxa4 14. Bxa4 O-O
15. Ne5 Bxc3 16. bxc3 Ne4 17. Bf4 Qe7 18. Nxd7 Bxd7 19. Bxd7 Qxd7 20. c4 dxc4
21. Rxc4 Rfc8 22. Qa4 Qxa4 23. Rxa4 Nc3 24. Raa1 Ne2+ 25. Kh1 Nxf4 26. exf4 g6
27. h4 Rc4 28. Rfd1 a5 29. d5 exd5 30. Rxd5 Rxf4 31. Rdxa5 Rxa5 32. Rxa5 Rxh4+
33. Kg1 h5 34. g3 Rd4 35. Kg2 Kg7 36. Ra7 h4 37. gxh4 Rxh4 38. Kg3 g5 39. Rc7
Kg6 40. Rc8 f6 41. Rg8+ Kf5 42. Rf8 Rf4 43. f3 g4 44. fxg4+ Rxg4+ 45. Kf3 Rg6
46. Ke3 Kg5 47. Rd8 f5 48. Rd5 Rf6 49. Kf3 Rh6 50. Kg3 Ra6 51. Re5 Ra3+ 0-1

[Event "DSM WK M 2009"]
[Site "Karlsruhe GER"]
[Date "2009.05.18"]
[Round "7"]
[White "Liez, Tatjana"]
[Black "Vollmer, Dorothee"]
[Result "1-0"]
[Termination "normal"]
[Board "5.3"]
[WhiteElo "885"]
[BlackElo "800"]
[WhiteTeam "Marienschule Limburg"]
[BlackTeam "Mallinckrodt-Gymnasium Dortmund"]
[PlyCount "29"]
[WhiteFideId "1271769"]
[EventCountry "GER"]
[EventRounds "7"]
[EventType "team-swiss"]
[EventDate "2009.05.15"]

1. e4 e5 2. Nf3 Nc6 3. Bc4 Bc5 4. Nc3 Nf6 5. d3 O-O 6. Bg5 h6 7. Bh4 d6 8. Nd5
Bg4 9. Qd2 Bxf3 10. gxf3 Ne7 11. Bxf6 gxf6 12. Rg1+ Ng6 13. Ne7+ Qxe7 14. Rxg6+
Kh7 15. Qxh6# 1-0

[Event "DSM WK M 2009"]
[Site "Karlsruhe GER"]
[Date "2009.05.18"]
[Round "7"]
[White "Nguyen, Michelle"]
[Black "Heinz, Michelle"]
[Result "0-1"]
[Termination "normal"]
[Board "5.4"]
[WhiteElo "800"]
[BlackElo "800"]
[WhiteTeam "Mallinckrodt-Gymnasium Dortmund"]
[BlackTeam "Marienschule Limburg"]
[PlyCount "92"]
[BlackFideId "1271782"]
[EventCountry "GER"]
[EventRounds "7"]
[EventType "team-swiss"]
[EventDate "2009.05.15"]

1. e4 e5 2. Nf3 Nc6 3. Bc4 Nf6 4. Nc3 Bc5 5. O-O d6 6. d3 Be6 7. Bg5 Qd7 8. Re1
Bg4 9. h3 Bxf3 10. Qxf3 Nd4 11. Qe3 Nxc2 12. Qc1 Nxa1 13. Qxa1 h6 14. Bxf6 gxf6
15. Qd1 Rg8 16. Qh5 Rg6 17. Qf5 Qxf5 18. exf5 Rg5 19. g4 h5 20. Ne4 Rg7 21.
Nxc5 dxc5 22. Re4 O-O-O 23. a3 Rdg8 24. Kf1 hxg4 25. hxg4 Rxg4 26. Rxg4 Rxg4
27. Bxf7 b5 28. Be6+ Kb7 29. Bd5+ Ka6 30. Ke2 c4 31. dxc4 bxc4 32. Kf3 Rd4 33.
Be4 Rd2 34. Ke3 Rxb2 35. a4 c3 36. Bd3+ Ka5 37. Bb5 Kb4 38. Kd3 Rxf2 39. Ke3
Rh2 40. Kd3 c2 41. Ke4 c1=Q 42. Kd5 Qc5+ 43. Ke6 Qb6+ 44. Kd7 Rd2+ 45. Kc8 c6
46. Bc4 Rd8# 0-1

[Event "DSM WK M 2009"]
[Site "Karlsruhe GER"]
[Date "2009.05.18"]
[Round "7"]
[White "Heinemann, Josefine"]
[Black "Rolfs, Rebecca"]
[Result "1/2-1/2"]
[Termination "normal"]
[Board "6.1"]
[WhiteElo "1120"]
[BlackElo "1107"]
[WhiteTeam "Werner-von-Siemens-Gymnasium Magdeburg"]
[BlackTeam "Matthias-Claudius-Gymnasium Hamburg"]
[PlyCount "59"]
[WhiteFideId "12900460"]
[BlackFideId "24658219"]
[EventCountry "GER"]
[EventRounds "7"]
[EventType "team-swiss"]
[EventDate "2009.05.15"]

1. e4 e5 2. Nf3 Nc6 3. d4 exd4 4. Nxd4 Bc5 5. Be3 Nxd4 6. Bxd4 Bxd4 7. Qxd4 f6
8. Bc4 Ne7 9. Nc3 d6 10. Nd5 Bd7 11. O-O-O Bc6 12. Nxe7 Qxe7 13. Kb1 a6 14.
Rhe1 O-O-O 15. Qa7 Rhe8 16. Qe3 Qxe4 17. Qh3+ Bd7 18. Rxe4 Bxh3 19. Rxe8 Rxe8
20. gxh3 Re4 21. Bd3 Rh4 22. Re1 Kd8 23. Re3 g5 24. a3 h5 25. Rf3 Ke7 26. Re3+
Kf7 27. Be2 f5 28. Rc3 c6 29. Bc4+ Kf6 30. Bxa6 1/2-1/2

[Event "DSM WK M 2009"]
[Site "Karlsruhe GER"]
[Date "2009.05.18"]
[Round "7"]
[White "Thiebach, Janina"]
[Black "Peschos, Celine"]
[Result "0-1"]
[Termination "normal"]
[Board "6.2"]
[WhiteElo "800"]
[BlackElo "981"]
[WhiteTeam "Matthias-Claudius-Gymnasium Hamburg"]
[BlackTeam "Werner-von-Siemens-Gymnasium Magdeburg"]
[PlyCount "64"]
[WhiteFideId "12909360"]
[EventCountry "GER"]
[EventRounds "7"]
[EventType "team-swiss"]
[EventDate "2009.05.15"]

1. e4 c5 2. Nf3 g6 3. Bc4 Bg7 4. Ng5 e6 5. d3 d5 6. exd5 exd5 7. Bb3 Qe7+ 8.
Be3 Bxb2 9. Nd2 Bxa1 10. Qxa1 Nf6 11. O-O O-O 12. c4 d4 13. Bf4 Nc6 14. Nge4
Nxe4 15. Nxe4 Bf5 16. Bg5 f6 17. Bh6 Rf7 18. Re1 Bxe4 19. dxe4 Ne5 20. Qd1 b6
21. a4 a5 22. Bf4 Rd8 23. Bxe5 fxe5 24. f3 Rdf8 25. h3 Qh4 26. Kf1 g5 27. Ke2
h5 28. Qb1 Rf6 29. g4 hxg4 30. hxg4 Qh2+ 31. Kd3 Rxf3+ 32. Re3 Rxe3# 0-1

[Event "DSM WK M 2009"]
[Site "Karlsruhe GER"]
[Date "2009.05.18"]
[Round "7"]
[White "Zander, Carolin"]
[Black "Kiemele, Nicole"]
[Result "0-1"]
[Termination "normal"]
[Board "6.3"]
[WhiteElo "800"]
[BlackElo "796"]
[WhiteTeam "Werner-von-Siemens-Gymnasium Magdeburg"]
[BlackTeam "Matthias-Claudius-Gymnasium Hamburg"]
[PlyCount "70"]
[EventCountry "GER"]
[EventRounds "7"]
[EventType "team-swiss"]
[EventDate "2009.05.15"]

1. e4 e5 2. Nf3 Nc6 3. Bb5 a6 4. Bxc6 dxc6 5. d3 Bc5 6. Bg5 f6 7. Be3 Bb6 8.
Nc3 Ne7 9. Bxb6 cxb6 10. d4 exd4 11. Nxd4 O-O 12. O-O Qe8 13. Nf3 Qg6 14. Nh4
Qg5 15. Nf3 Qf4 16. Qd3 b5 17. Rad1 Bg4 18. Rd2 Bxf3 19. gxf3 f5 20. Re1 Rad8
21. Qe3 Qxe3 22. Rxe3 Rxd2 23. Kf1 Rxc2 24. Ke1 Rd8 25. f4 Rxb2 26. Kf1 b4 27.
Nd1 Rxd1+ 28. Kg2 c5 29. exf5 Nxf5 30. Re8+ Kf7 31. Re4 Rd4 32. Re1 Rxa2 33.
Kf1 Rxf4 34. Kg2 Raxf2+ 35. Kh3 Rh4# 0-1

[Event "DSM WK M 2009"]
[Site "Karlsruhe GER"]
[Date "2009.05.18"]
[Round "7"]
[White "Hölzer, Jeanette"]
[Black "Walther, Laura"]
[Result "1-0"]
[Termination "normal"]
[Board "6.4"]
[WhiteElo "800"]
[BlackElo "800"]
[WhiteTeam "Matthias-Claudius-Gymnasium Hamburg"]
[BlackTeam "Werner-von-Siemens-Gymnasium Magdeburg"]
[PlyCount "117"]
[WhiteFideId "12917982"]
[EventCountry "GER"]
[EventRounds "7"]
[EventType "team-swiss"]
[EventDate "2009.05.15"]

1. e4 e5 2. Nf3 Nc6 3. Bc4 Bc5 4. d3 h6 5. Be3 d6 6. Bxc5 dxc5 7. Nc3 Bg4 8. h3
Bh5 9. g4 Bg6 10. Bb5 Qd7 11. Nxe5 Qd6 12. Bxc6+ bxc6 13. Nxg6 Qxg6 14. d4 Qd6
15. dxc5 Qxd1+ 16. Nxd1 Nf6 17. e5 Ne4 18. Ne3 O-O 19. f3 Nxc5 20. O-O-O Na4
21. Rd4 Nc5 22. Rc4 Ne6 23. Rxc6 Rae8 24. Rd1 Rd8 25. Rxd8 Rxd8 26. c4 Nd4 27.
Rxc7 a5 28. Ra7 Nc6 29. Ra6 Rc8 30. Nd5 Kf8 31. Nb6 Rd8 32. Nd7+ Rxd7 33. Rxc6
Re7 34. Rc8+ Re8 35. Rxe8+ Kxe8 36. Kc2 Ke7 37. f4 g5 38. fxg5 hxg5 39. Kc3 f6
40. exf6+ Kxf6 41. b4 axb4+ 42. Kxb4 Ke7 43. a4 Kd6 44. Kb5 Kc7 45. c5 Kb7 46.
a5 Kc7 47. a6 Kb8 48. Kb6 Ka8 49. c6 Kb8 50. c7+ Kc8 51. a7 Kd7 52. a8=Q Ke6
53. c8=Q+ Ke5 54. Qac6 Kd4 55. Qd8+ Ke3 56. Qe6+ Kf3 57. Qd3+ Kg2 58. Qee2+ Kg1
59. Qdd1# 1-0

[Event "DSM WK M 2009"]
[Site "Karlsruhe GER"]
[Date "2009.05.18"]
[Round "7"]
[White "Hillmer, Nicole"]
[Black "Reyher, Susan"]
[Result "1-0"]
[Termination "normal"]
[Board "7.1"]
[WhiteElo "800"]
[BlackElo "972"]
[WhiteTeam "Gymnasium Neureut"]
[BlackTeam "Grundschule Pestalozzi Leegebruch"]
[PlyCount "93"]
[BlackFideId "24686107"]
[EventCountry "GER"]
[EventRounds "7"]
[EventType "team-swiss"]
[EventDate "2009.05.15"]

1. e4 e5 2. Nf3 Nc6 3. Bc4 Bc5 4. d3 Nf6 5. Be3 d6 6. h3 Bd7 7. Nc3 Qe7 8. Nd5
Nxd5 9. Bxd5 O-O-O 10. a3 h5 11. Bg5 f6 12. Be3 g5 13. Qd2 g4 14. hxg4 hxg4 15.
Nh4 Rdg8 16. g3 Nd4 17. O-O-O Re8 18. Ng6 Qg7 19. Nxh8 Rxh8 20. Rxh8+ Qxh8 21.
Kb1 Nf3 22. Qc1 Ba4 23. Bxc5 dxc5 24. Rh1 Qe8 25. Qh6 Ng5 26. Qxf6 Nh3 27. Qe6+
Qxe6 28. Bxe6+ Kd8 29. Rf1 Bb5 30. Bxg4 Ng5 31. f4 exf4 32. Rxf4 c4 33. Rf5 Ne6
34. Rxb5 c6 35. Rxb7 Nc5 36. Rxa7 cxd3 37. cxd3 Nxd3 38. Bf5 c5 39. g4 c4 40.
g5 Ke8 41. g6 Kf8 42. g7+ Kg8 43. Be6+ Kh7 44. g8=Q+ Kh6 45. Qf8+ Kg6 46. Rg7+
Kh5 47. Qh8# 1-0

[Event "DSM WK M 2009"]
[Site "Karlsruhe GER"]
[Date "2009.05.18"]
[Round "7"]
[White "Wolff, Marie Antoinette"]
[Black "Schweiger, Yasmin"]
[Result "0-1"]
[Termination "normal"]
[Board "7.2"]
[WhiteElo "708"]
[BlackElo "804"]
[WhiteTeam "Grundschule Pestalozzi Leegebruch"]
[BlackTeam "Gymnasium Neureut"]
[PlyCount "60"]
[WhiteFideId "12908258"]
[EventCountry "GER"]
[EventRounds "7"]
[EventType "team-swiss"]
[EventDate "2009.05.15"]

1. f4 d5 2. d4 Nf6 3. e3 Nc6 4. Bd3 Bg4 5. Nf3 e6 6. O-O Be7 7. Nbd2 O-O 8. Qe1
Qd7 9. Ng5 h6 10. Qh4 Rad8 11. c4 Bf5 12. Bxf5 exf5 13. Rf3 Rfe8 14. Rg3 Ng4
15. h3 Nf6 16. Nge4 Nxe4 17. Qh5 Nxg3 18. Qf3 Ne4 19. Nxe4 fxe4 20. Qh5 dxc4
21. Bd2 Bb4 22. Bxb4 Nxb4 23. Rf1 Nc2 24. f5 f6 25. Rf4 Nxe3 26. Qg6 Qxd4 27.
Kh1 Qe5 28. g3 Rd1+ 29. Kh2 Qxb2+ 30. Rf2 Qxf2# 0-1

[Event "DSM WK M 2009"]
[Site "Karlsruhe GER"]
[Date "2009.05.18"]
[Round "7"]
[White "Allonge, Mandy"]
[Black "Schweiger, Lauralie"]
[Result "0-1"]
[Termination "normal"]
[Board "7.4"]
[WhiteElo "800"]
[BlackElo "964"]
[WhiteTeam "Grundschule Pestalozzi Leegebruch"]
[BlackTeam "Gymnasium Neureut"]
[PlyCount "56"]
[EventCountry "GER"]
[EventRounds "7"]
[EventType "team-swiss"]
[EventDate "2009.05.15"]

1. e4 c6 2. Bc4 d5 3. exd5 cxd5 4. Bb5+ Nc6 5. Nc3 Nf6 6. d3 Bd7 7. Nf3 e5 8.
Bg5 Be7 9. d4 a6 10. Ba4 exd4 11. Nxd4 Nxd4 12. Qxd4 Bc6 13. O-O-O Bxa4 14.
Nxa4 O-O 15. h4 h6 16. Bf4 b5 17. Nb6 Rb8 18. Na8 Rxa8 19. Be5 Rc8 20. Rd2 Rc4
21. Qd3 Re8 22. b3 Rg4 23. g3 Bb4 24. Re2 Re4 25. Bxf6 Qxf6 26. Rhe1 Bxe1 27.
Rxe1 Qa1+ 28. Kd2 Qxe1# 0-1

[Event "DSM WK M 2009"]
[Site "Karlsruhe GER"]
[Date "2009.05.18"]
[Round "7"]
[White "Ebel, Britta"]
[Black "Franzenburg, Maria"]
[Result "1/2-1/2"]
[Termination "normal"]
[Board "8.1"]
[WhiteElo "938"]
[BlackElo "1668"]
[WhiteTeam "Trave-Gymnasium Lübeck"]
[BlackTeam "Max-Planck-Schule Kiel"]
[PlyCount "32"]
[BlackFideId "24667102"]
[EventCountry "GER"]
[EventRounds "7"]
[EventType "team-swiss"]
[EventDate "2009.05.15"]

1. e4 e6 2. Nf3 c5 3. c3 d5 4. exd5 exd5 5. d4 Nf6 6. Bb5+ Nc6 7. Qe2+ Ne4 8.
O-O a6 9. Bd3 f5 10. Bg5 Qb6 11. dxc5 Bxc5 12. c4 Nb4 13. Be3 Bxe3 14. fxe3
Nxd3 15. Qxd3 Qxb2 16. Nbd2 Nxd2 1/2-1/2

[Event "DSM WK M 2009"]
[Site "Karlsruhe GER"]
[Date "2009.05.18"]
[Round "7"]
[White "Knof, Henrike"]
[Black "Schütt, Sinja"]
[Result "1-0"]
[Termination "normal"]
[Board "8.2"]
[WhiteElo "1362"]
[BlackElo "800"]
[WhiteTeam "Max-Planck-Schule Kiel"]
[BlackTeam "Trave-Gymnasium Lübeck"]
[PlyCount "43"]
[EventCountry "GER"]
[EventRounds "7"]
[EventType "team-swiss"]
[EventDate "2009.05.15"]

1. e4 e5 2. Nf3 Nc6 3. Bc4 Bc5 4. d3 Nd4 5. Nxe5 Qf6 6. Ng4 Qh4 7. Ne3 Bb4+ 8.
c3 Ba5 9. b4 Bb6 10. a4 a5 11. O-O c6 12. bxa5 Bc7 13. g3 Qh6 14. cxd4 d6 15.
Nd5 Qg6 16. Nxc7+ Kd8 17. Nxa8 h5 18. Qb3 h4 19. Bxf7 Qh7 20. Bg5+ Ne7 21. Qb6+
Kd7 22. Qc7# 1-0

[Event "DSM WK M 2009"]
[Site "Karlsruhe GER"]
[Date "2009.05.18"]
[Round "7"]
[White "Teege, Laura"]
[Black "Schneckenburger, Johanna"]
[Result "1/2-1/2"]
[Termination "normal"]
[Board "8.3"]
[WhiteElo "800"]
[BlackElo "822"]
[WhiteTeam "Trave-Gymnasium Lübeck"]
[BlackTeam "Max-Planck-Schule Kiel"]
[PlyCount "45"]
[EventCountry "GER"]
[EventRounds "7"]
[EventType "team-swiss"]
[EventDate "2009.05.15"]

1. e4 e5 2. Nf3 Nc6 3. Bc4 Bc5 4. O-O Nf6 5. d3 O-O 6. Bg5 h6 7. Bh4 d6 8. h3
Be6 9. Bb5 Nb4 10. a3 Nc6 11. Nc3 a6 12. Bxc6 bxc6 13. Ne2 Rb8 14. Rb1 Re8 15.
Ng3 g6 16. b4 Bb6 17. Qd2 g5 18. Nxg5 hxg5 19. Bxg5 Kf8 20. Bh6+ Ke7 21. Bg5
Kd7 22. c3 d5 23. Rfe1 1/2-1/2

[Event "DSM WK M 2009"]
[Site "Karlsruhe GER"]
[Date "2009.05.18"]
[Round "7"]
[White "Lentz, Christine"]
[Black "Eifert, Pia"]
[Result "1-0"]
[Termination "normal"]
[Board "8.4"]
[WhiteElo "800"]
[BlackElo "800"]
[WhiteTeam "Max-Planck-Schule Kiel"]
[BlackTeam "Trave-Gymnasium Lübeck"]
[PlyCount "47"]
[EventCountry "GER"]
[EventRounds "7"]
[EventType "team-swiss"]
[EventDate "2009.05.15"]

1. e4 e5 2. Nf3 Nc6 3. Bc4 Nf6 4. Nc3 Bc5 5. d3 O-O 6. O-O a6 7. Bg5 b5 8. Bd5
Nxd5 9. Bxd8 Rxd8 10. exd5 Nb4 11. a3 e4 12. dxe4 Nxc2 13. Qxc2 Re8 14. b4 Bd6
15. Nh4 Re5 16. Qe2 a5 17. bxa5 Rxa5 18. Qg4 Bc5 19. Nf5 Bf8 20. a4 Ba6 21. f3
bxa4 22. Qg3 Bc5+ 23. Rf2 d6 24. Qxg7# 1-0

[Event "DSM WK M 2009"]
[Site "Karlsruhe GER"]
[Date "2009.05.18"]
[Round "7"]
[White "Wendt, Anne"]
[Black "Morawiak, Vivien"]
[Result "0-1"]
[Termination "normal"]
[Board "9.1"]
[WhiteElo "800"]
[BlackElo "800"]
[WhiteTeam "Albert-Einstein-Gymnasium Neubrandenburg"]
[BlackTeam "Katholische Schule St. Marien Berlin"]
[PlyCount "54"]
[EventCountry "GER"]
[EventRounds "7"]
[EventType "team-swiss"]
[EventDate "2009.05.15"]

1. e4 e5 2. Nf3 d6 3. d4 Nf6 4. Nc3 Nc6 5. Be3 Bg4 6. Be2 Bxf3 7. Bxf3 Be7 8.
O-O O-O 9. Nd5 Nxd5 10. exd5 Nxd4 11. Be4 c5 12. Qg4 f5 13. Bxf5 Nxf5 14. Rae1
Nxe3 15. Rxe3 Rf4 16. Qe6+ Kf8 17. g3 Rf6 18. Qg4 Qa5 19. f4 Qb5 20. Ref3 e4
21. Re3 Qc4 22. f5 Qxd5 23. Rxe4 Qxa2 24. Rfe1 Re8 25. Qg5 Qf7 26. Qh4 d5 27.
Re6 h6 0-1

[Event "DSM WK M 2009"]
[Site "Karlsruhe GER"]
[Date "2009.05.18"]
[Round "7"]
[White "Danicka, Karolina"]
[Black "Zibell, Christine"]
[Result "1-0"]
[Termination "time forfeit"]
[Board "9.2"]
[WhiteElo "800"]
[BlackElo "794"]
[WhiteTeam "Katholische Schule St. Marien Berlin"]
[BlackTeam "Albert-Einstein-Gymnasium Neubrandenburg"]
[PlyCount "57"]
[EventCountry "GER"]
[EventRounds "7"]
[EventType "team-swiss"]
[EventDate "2009.05.15"]

1. e4 e5 2. Nf3 Nc6 3. d4 f6 4. d5 Nd4 5. Nxd4 exd4 6. Qxd4 Bc5 7. Qxc5 d6 8.
Qe3 Ne7 9. Bb5+ Bd7 10. Qh3 c6 11. Bxc6 bxc6 12. Qd3 cxd5 13. exd5 O-O 14. O-O
Bf5 15. Qd2 Rc8 16. Nc3 a6 17. b4 Qc7 18. Bb2 Rfe8 19. Qf4 Qd7 20. b5 Ng6 21.
Qg3 axb5 22. Ba3 Bxc2 23. Bxd6 Qf5 24. Nxb5 Qe4 25. Bc7 Re7 26. Nd6 Qe2 27.
Nxc8 Re4 28. d6 Rg4 29. Rae1 1-0

[Event "DSM WK M 2009"]
[Site "Karlsruhe GER"]
[Date "2009.05.18"]
[Round "7"]
[White "Parchmann, Wiebke"]
[Black "v. Chamier, Angelika"]
[Result "1-0"]
[Termination "normal"]
[Board "9.3"]
[WhiteElo "800"]
[BlackElo "800"]
[WhiteTeam "Albert-Einstein-Gymnasium Neubrandenburg"]
[BlackTeam "Katholische Schule St. Marien Berlin"]
[PlyCount "49"]
[EventCountry "GER"]
[EventRounds "7"]
[EventType "team-swiss"]
[EventDate "2009.05.15"]

1. e4 e5 2. Nf3 Bc5 3. Bc4 Nc6 4. d3 Nf6 5. Bg5 Bb4+ 6. Nbd2 Ba5 7. O-O d6 8.
a3 Bg4 9. b4 Bb6 10. Rb1 O-O 11. c3 Qd7 12. a4 a5 13. b5 Ne7 14. d4 exd4 15.
cxd4 d5 16. exd5 c6 17. bxc6 bxc6 18. dxc6 Nxc6 19. Qc2 Ba7 20. Qd3 Qc7 21. Ne4
Nxe4 22. Qxe4 Bb8 23. Bd3 f6 24. Bc4+ Rf7 25. Qe8# 1-0